| 000 | 01025nam a22003017a 4500 | ||
|---|---|---|---|
| 003 | CHAP | ||
| 005 | 20220329135744.0 | ||
| 008 | 971013s1966 r 10010 d | ||
| 010 | _a41552 | ||
| 011 | _a42524 | ||
| 035 | _a46653 | ||
| 040 | _cCHAP | ||
| 082 |
_a634.93 _bF6 1966 |
||
| 111 | 0 | 0 |
_aForest Engineering Symposium ( _n1 _d: 1966 _c: Morgantown, West Virginia) _942320 |
| 245 | _aProceedings | ||
| 260 |
_aMorgantown : _bWest Virginia University, _c1966 |
||
| 300 |
_a122 p. _b: ilus. |
||
| 490 |
_aEngineering Experiment Station Technical Bulletin _v; 82 |
||
| 590 |
_aBATCH-UPD _b10 _c20130110 _lUCH01 _h2154 |
||
| 590 |
_aBATCH-UPD _b10 _c20130410 _lUCH01 _h1502 |
||
| 590 |
_aBATCH-UPD _b10 _c20130914 _lUCH01 _h1640 |
||
| 590 |
_aCONVERSION _b10 _c20130109 _lUCH01 _h1323 |
||
| 650 | 1 | 4 |
_aIngenierĂa forestal. _958227 |
| 830 | 0 |
_aEngineering Experiment Station Technical Bulletin _v; 82 _936970 |
|
| 901 | _aBK | ||
| 942 | _cLIBRO | ||
| 949 |
_a634.93 F6 1966 _bBC _cLIBRO _d33724000248126 _eLIBRO _h15456 _i46653 _mD _si |
||
| 999 |
_c41552 _d41552 |
||